<?xml version="1.0" encoding="UTF-8"?>
<collection xmlns="http://www.loc.gov/MARC21/slim">
 <record>
  <leader>00686pamaa2200169   4500</leader>
  <controlfield tag="001">0000014837</controlfield>
  <controlfield tag="005">20060519090000.0</controlfield>
  <datafield tag="020" ind1="0" ind2="0">
   <subfield code="a">0875844375 </subfield>
  </datafield>
  <datafield tag="082" ind1=" " ind2=" ">
   <subfield code="a">338.064 KOD</subfield>
  </datafield>
  <datafield tag="090" ind1="0" ind2="0">
   <subfield code="a">HC465.T4 </subfield>
   <subfield code="b">KOD 1995</subfield>
  </datafield>
  <datafield tag="100" ind1="1" ind2="0">
   <subfield code="a">KODAMA </subfield>
  </datafield>
  <datafield tag="245" ind1="1" ind2="0">
   <subfield code="a">Emerging patterns of innovation  </subfield>
   <subfield code="c">sources of Japan's technological edge  </subfield>
   <subfield code="c">sources of Japan's technological edge  </subfield>
   <subfield code="c">Fumio Kodama ; foreword by Lewis M. Branscomb.</subfield>
  </datafield>
  <datafield tag="260" ind1="0" ind2="0">
   <subfield code="a">Massachusetts: </subfield>
   <subfield code="b">Harvard Business School, </subfield>
   <subfield code="c">1995.</subfield>
  </datafield>
  <datafield tag="300" ind1=" " ind2=" ">
   <subfield code="a">xxv, 297p.: </subfield>
   <subfield code="b">25cm.</subfield>
  </datafield>
  <datafield tag="440" ind1="0" ind2="0">
   <subfield code="a">The management of innovation and change series</subfield>
  </datafield>
  <datafield tag="650" ind1="0" ind2="0">
   <subfield code="a">Technological innovation -- </subfield>
   <subfield code="x">Economic aspects -- </subfield>
   <subfield code="x">Japan </subfield>
  </datafield>
  <datafield tag="650" ind1="0" ind2="0">
   <subfield code="a">Japan -- </subfield>
   <subfield code="x">Manufactures -- </subfield>
   <subfield code="x">Technological innovations </subfield>
  </datafield>
 </record>
</collection>
